000 00675cab a2200217 4500
001 WB3241-49
008 090401t1996 xxu||||| |||| 00| 0 eng d
035 _a(Sirsi) u39997
041 _aeng
245 _aSaving the small towns of Britain
260 _c1996
350 _a0
490 _aIndependent
_v1 November 1996, 8(1)
520 _aSeven local councils of small historic towns have joined together to swap information and experience to combat the threat of out-of-town developments.
650 _aHISTORIC TOWNS
650 _aMARKET TOWNS
650 _aOUT-OF-TOWN DEVELOPMENT
690 _aPROPERTY LAW AND PRACTICE
942 _n0
948 _c04/03/1997
999 _c25611
_d25611